01147cam a2200349 a 45000010005000000030006000050050017000110080041000280100017000690200017000860200018001030200029001210400023001500420009001730500022001820820016002041000011002202450058002312500012002892600039003013000059003405050007003995200124004065210028005305210019005586500054005776500047006316500044006786500021007226500026007436500028007694086FISKH20240607110913.0830207s1983 nyua j 000 0 eng  a 82045923  a0690042450 : a9780064460507 a0690042469 (lib. bdg.) : aDLCcDLCdDLCbeng alcac00aGT3933b.A54 198300a394.1/52190 aAliki.12aA medieval feast /cwritten and illustrated by Aliki. a1st ed. aNew York :bHarper Collins,c1983. a26 unnumbered pages : bcolor illustrations ; c26 cm  aR  aDescribes the preparation and celebration of a medieval feast held at an English manor house entertaining royal guests.8 a700 bLexile adjusted 8 aR bRaz-Plus  0aFestivalsxHistoryyTo 1500vJuvenile literature. 0aCourts and courtiersvJuvenile literature. 0aCooking, MedievalvJuvenile literature. 1aVisits of state. 1aCourts and courtiers. 1aCivilization, Medieval.